| 000 | 00594nam a2200229Ia 4500 | ||
|---|---|---|---|
| 008 | 180523s9999 xx 000 0 und d | ||
| 020 | _a981-4134-67-8 | ||
| 050 | _aMAIN RJ 245 | ||
| 050 | _b.W66 2001 v.1 | ||
| 245 | 0 | _aWong's essentials of pediatric nursing / | |
| 245 | 0 | _cDonna L. Wong | |
| 250 | _a6th Edition | ||
| 260 | _aSt. Louis, Missouri : | ||
| 260 | _bMosby. | ||
| 260 | _c2002 | ||
| 300 | _a664 pages : | ||
| 300 | _billustrations ; | ||
| 300 | _c26 cm. | ||
| 440 | _v1 | ||
| 500 | _aIncludes bibliographical references and index. | ||
| 650 | _aPediatric nursing. | ||
| 999 |
_c357653 _d357653 |
||